Normal view
MARC view
Entry Personal Name
001 - CONTROL NUMBER
- control field: 11431
003 - CONTROL NUMBER IDENTIFIER
- control field: ARRUPE
005 - DATE AND TIME OF LATEST TRANSACTION
- control field: 20140922174044.0
008 - FIXED-LENGTH DATA ELEMENTS
- fixed length control field: 140922|| aca||aabn | a|a d
040 ## - CATALOGING SOURCE
- Original cataloging agency: ARRUPE
- Transcribing agency: ARRUPE
100 ## - HEADING--PERSONAL NAME
- Personal name: Leibniz, Gottfried Wilhelm,
- Titles and other words associated with a name: Freiherr von,
- Dates associated with a name: 1646-1716
- General subdivision: Contributions in logic.
670 ## - SOURCE DATA FOUND
- Source citation: Work cat.: (ARRUPE)0: Ishiguro, Hidé. 11430, Leibniz's philosophy of logic and language /, 1990.